| 000 | 00697nam a2200229 a 4500 | ||
|---|---|---|---|
| 005 | 20231026063635.0 | ||
| 008 | 070918s1988 mx r 000 0 spa d | ||
| 020 | _a8472232158 | ||
| 035 | _aUPN01000151969 | ||
| 049 | _aCG | ||
| 050 | 4 |
_aPQ2607 D8.16 _bA5.3a |
|
| 100 | 1 |
_aDuras, Marguerite, _d1914-1996 _933918 |
|
| 245 | 1 | 3 |
_aEl amante / _cMarguerite Duras ; tr. Ana María Moix. |
| 260 |
_aMéxico : _bTusquets, _c1988. |
||
| 300 | _a146 p. | ||
| 440 | 0 |
_aAndanzas ; _v15 |
|
| 534 |
_pTítulo original : _tL'amant |
||
| 650 | 4 |
_aAmor _vNovela _9397 |
|
| 651 | 4 |
_aVIETNAM - _xCONDICIONES SOCIALES _95144 |
|
| 651 | 4 |
_aVIETNAM - _xCIVILIZACION - _xINFLUENCIAS FRANCESAS _95143 |
|
| 905 | _aLibro | ||
| 999 |
_c124104 _d124104 |
||